| 000 | 00437nam a2200157 4500 | ||
|---|---|---|---|
| 001 | 125972 | ||
| 003 | ES-MaACL | ||
| 005 | 20230906192729.0 | ||
| 007 | t| | ||
| 008 | 070214s1968 sp r ||||1| spa d | ||
| 100 | 1 |
_aArce, Carlos de. _922446 |
|
| 245 | 1 | 0 |
_aCárceles, verdugos y torturas / _cpor Paul Reader. |
| 260 |
_aBarcelona : _bTelstar, _c1968. |
||
| 300 |
_a339 p., 16 lám. ; _c20 cm. |
||
| 852 |
_aES-MaACL _jC-51700 _bR.68171 |
||
| 999 |
_c125972 _d125972 |
||